SIKSHAR DARKHONIK ARU SAMAJTOTIK DHARA (Record no. 5267)
[ view plain ]
| 000 -LEADER | |
|---|---|
| fixed length control field | 00380cam a2200169ua 4500 |
| 008 - FIXED-LENGTH DATA ELEMENTS--GENERAL INFORMATION | |
| fixed length control field | 191127n1992 II |||gr||||Z||||||asm |
| 040 ## - CATALOGING SOURCE | |
| Original cataloging agency | MAIN |
| 041 ## - LANGUAGE CODE | |
| -- | English |
| 041 ## - LANGUAGE CODE | |
| -- | asm |
| 082 ## - DEWEY DECIMAL CLASSIFICATION NUMBER | |
| Classification number | 370 DEB |
| 100 ## - MAIN ENTRY--PERSONAL NAME | |
| Personal name | DEBI, RENU. |
| 245 ## - TITLE STATEMENT | |
| Title | SIKSHAR DARKHONIK ARU SAMAJTOTIK DHARA |
| 260 ## - PUBLICATION, DISTRIBUTION, ETC. | |
| Name of publisher, distributor, etc. | BHARTI BOOK STALL |
| Date of publication, distribution, etc. | 1992 |
| 300 ## - PHYSICAL DESCRIPTION | |
| Extent | 278: |
| Dimensions | 22CM. |
| 942 ## - ADDED ENTRY ELEMENTS (KOHA) | |
| Koha item type | Books |
| Withdrawn status | Lost status | Damaged status | Not for loan | Collection code | Home library | Current library | Shelving location | Date acquired | Full call number | Barcode | Date last seen | Copy number | Price effective from | Koha item type | Public note |
|---|---|---|---|---|---|---|---|---|---|---|---|---|---|---|---|
| TBEDU | Central Library and Information Centre Sibsagar Girls College | Central Library and Information Centre Sibsagar Girls College | EDUCATION BOOK RACK | 19.06.1995 | 370 DEB | 13404 | 27.02.2020 | 1 | 27.02.2020 | Books | V | ||||
| TBEDU | Central Library and Information Centre Sibsagar Girls College | Central Library and Information Centre Sibsagar Girls College | EDUCATION BOOK RACK | 19.06.1995 | 370 DEB | 13405 | 27.02.2020 | 2 | 27.02.2020 | Books | V |